000 00468nam a22001817a 4500
003 MPLRDC
005 20220104124525.0
008 210129b ||||| |||| 00| 0 eng d
020 _a978-986-6597-47-3
082 _a177.2 LQZ-14
100 _a林庆昭
245 _a1%的坏心情导致100%的失败
_c
250 _a初版
260 _a台湾
_b大众国际书局股份有限公司
_c2009
300 _b206
650 _a成功法
942 _cBK
_o177.2 LQZ-14
999 _c20018
_d20008